000 01022cam a2200289 a 4500
001 000018005
005 20200929165320.0
008 781205s1966 ve 001 0 spa d
035 _a(DLC) 70007973
035 _a(OCoLC)4421524
040 _aDO-SdBNP
_cOCl
_dDLC
042 _apremarc
082 _a923.2
_bA727f
100 1 _aArmas Chitty, José Antonio de,
_d1908-1965
_939039
245 1 0 _aFermín Toro y su época /
_cJosé Antonio de Armas Chitty.
260 _aCaracas :
_b[Instituto Nacional de Cultura y Bellas Artes],
_c1966.
300 _a251 p. ;
_c17 cm.
490 0 _aBiblioteca popular venezolana
_v107
504 _aBibliografías: p. 232-239.
600 1 0 _aTORO, FERMÍN,
_d1806-1865.
_xBIOGRAFÍA
_939040
650 4 _aPolíticos
_zVenezuela
_xBiografía
_939041
650 4 _aAutores venezolanos
_ySIGLO XIX
_xBiografías
_937762
700 1 _aToro, Fermín,
_d1807-1865.
_939042
830 0 _aBiblioteca popular venezolana ;
_v107.
_94512
910 _aCatalogación por copia / LC
049 _aBNGR
999 _c17527
_d17527